Nařízení vlády České republiky č. 255 ze dne 22. dubna 1992 o platových poměrech příslušníků Sboru požární ochrany České republiky.

Platové triedy a platové skupiny. Kvalifikačné predpoklady a požiadavky zaradenia zamestnancov do platovej triedy. Rozhodujúca doba pre zaradenie zamestnanca do platového stupňa. Platová tarifa. Osobný príplatok. Príplatok za vedenie. Hodnostný príplatok. Zvláštny príplatok. Odmeny.

Enregistré dans:
Détails bibliographiques
Format: Chapitre de livre
Langue:tchèque
Sujets:
Tags: Ajouter un tag
Pas de tags, Soyez le premier à ajouter un tag!

MARC

LEADER 00000naa a2200000 4500
001 r010250
005 20220831085027.4
041 0 |a cze 
044 |a [CS] 
245 1 0 |a Nařízení vlády České republiky č. 255 ze dne 22. dubna 1992 o platových poměrech příslušníků Sboru požární ochrany České republiky. 
520 |a Platové triedy a platové skupiny. Kvalifikačné predpoklady a požiadavky zaradenia zamestnancov do platovej triedy. Rozhodujúca doba pre zaradenie zamestnanca do platového stupňa. Platová tarifa. Osobný príplatok. Príplatok za vedenie. Hodnostný príplatok. Zvláštny príplatok. Odmeny. 
610 2 0 |a mzdy 
610 2 0 |a tarify mzdové 
610 2 0 |a príplatky 
610 2 0 |a odmeny 
610 2 0 |a ochrana požiarna 
610 2 0 |a predpisy právne 
610 2 0 |a Čechy 
610 2 0 |a 1992